Унифицированные каркасные асбестоцементные панели для стен и покрытий промышленных зданий. Вып. 1: С внутренним алюминиевым каркасов (без теплоизоляционных прокладок) (Запись № 6692269)

Подробности
000 -МАРКЕР
контрольное поле 02055nam2a22002771 4500
001 - ИДЕНТИФИКАТОР ЗАПИСИ
контрольное поле rc\3282817
005 - ИДЕНТИФИКАТОР ВЕРСИИ
контрольное поле 20250609173309.0
021 ## - НОМЕР ГОСУДАРСТВЕННОЙ РЕГИСТРАЦИИ
Код страны Российская Федерация
Номер 69-94188
021 ## - НОМЕР ГОСУДАРСТВЕННОЙ РЕГИСТРАЦИИ
Код страны Российская Федерация
Номер 69-94187
021 ## - НОМЕР ГОСУДАРСТВЕННОЙ РЕГИСТРАЦИИ
Код страны Российская Федерация
Номер Рг2932-70
035 ## - ДРУГИЕ СИСТЕМНЫЕ НОМЕРА
Идентификатор записи (NLR Aleph) 007399016
100 ## - ДАННЫЕ ОБЩЕЙ ОБРАБОТКИ
Данные общей обработки 20130115d1969 |||y0rusy50 ca
101 0# - ЯЗЫК РЕСУРСА
Язык текста, звукозаписи и т.д. русский
102 ## - СТРАНА ПУБЛИКАЦИИ ИЛИ ПРОИЗВОДСТВА
Страна публикации Российская Федерация
105 ## - ПОЛЕ КОДИРОВАННЫХ ДАННЫХ: ТЕКСТОВЫЕ МАТЕРИАЛЫ, МОНОГРАФИЧЕСКИЕ
Кодированные данные о монографическом текстовом документе a z |||||
200 1# - ЗАГЛАВИЕ И СВЕДЕНИЯ ОБ ОТВЕТСТВЕННОСТИ
Основное заглавие С внутренним алюминиевым каркасов (без теплоизоляционных прокладок)
Сведения, относящиеся к заглавию Рабочие чертежи
-- Альбом инв. № I-3035
210 ## - ПУБЛИКАЦИЯ, РАСПРОСТРАНЕНИЕ И ДР.
Дата издания, распространения и т.д. 1969
Место издания, распространения и т.д. Б. м.
215 ## - ФИЗИЧЕСКАЯ ХАРАКТЕРИСТИКА
Специфическое обозначение материала и объем [1], 16 с.
Другие сведения о физической характеристике черт.
461 #0 - УРОВЕНЬ НАБОРА
Встроенное поле 001rc\3282816
-- 2001#$aУнифицированные каркасные асбестоцементные панели для стен и покрытий промышленных зданий$eПанели покрытия$eВып. 1-$fМ-во газовой пром-сти. Всесоюз. науч.-исслед. ин-т по строительству магистральных трубопроводов. ВНИИСТ. Эксперим.-конструкторское бюро. ЭКБ. Отд. науч.-техн. информации$vВып. 1
Системный номер (АБИС) связанной записи 6692262
Место публикации Москва
Дата публикации 1969-
Первые сведения об ответственности М-во газовой пром-сти. Всесоюз. науч.-исслед. ин-т по строительству магистральных трубопроводов. ВНИИСТ. Эксперим.-конструкторское бюро. ЭКБ. Отд. науч.-техн. информации
Имя издателя, распространителя и т.д. Б. и.
Сведения, относящиеся к заглавию Панели покрытия : Вып. 1-
Заглавие Унифицированные каркасные асбестоцементные панели для стен и покрытий промышленных зданий
Номер тома Вып. 1
532 13 - РАСШИРЕННОЕ ЗАГЛАВИЕ
Заглавие С внутренним алюминиевым каркасов без теплоизоляционных прокладок
801 #0 - ИСТОЧНИК ЗАПИСИ
Страна Российская Федерация
Организация NLR
Правила каталогизации psbo
801 #1 - ИСТОЧНИК ЗАПИСИ
Страна Российская Федерация
Организация ELAR
Источник данных rusmarc
852 ## - МЕСТОНАХОЖДЕНИЕ И ШИФР ХРАНЕНИЯ
Идентификатор организации NLR
Шифр хранения (Call Number) 69-8/2243
942 ## - ДОПОЛНИТЕЛЬНЫЕ ЭЛЕМЕНТЫ ЗАПИСИ (АБИС)
Тип экземпляра АБИС Книга
980 ## - КОЛЛЕКЦИЯ
Название коллекции Национальная библиография
Экземпляры
Тип экземпляра Дата поступления Библиотека постоянного хранения Библиотека текущего хранения Место хранения Шифр хранения Штрих-код Статус экземпляра
Книга 26.10.2013 РНБ (Московский) РНБ (Московский) Русский книжный фонд: издания с 1957 года 69-8/2243 7399016-10